MDQL
is popping MORE tags! Check the
thread
!
Quizzes
Events
Quiz Creation
Community
Videos
Private Events
Remove Ads
Sign In
Join for FREE
Feedback
Dark Mode
Quiz Categories
Sports
Geography
Music
Movies
Television
Just For Fun
Miscellaneous
History
Literature
Language
Science
Gaming
Entertainment
Religion
Holiday
For Kids
Quiz Lab
Recent
Popular Today
Quiz Kudos Today
Editor Picks
Curator Picks
Quizzes by...
Day
Popularity
Type
Ratings
Length
Year
Community
Subscriptions
Recent Discussions
Orange Saloon
Badges
Playlists
Quests
Create
Leaderboards
Showdown
Live 5
Trivia Bingo
Activity
Puzzle Library
Sporcle Events
Private Events
Virtual Trivia
Globe League
Become a Host
Pub Owners
SporcleCon
Opinionation
Our Games
Videos
Blog
Mobile Apps
Partnerships
Remove Ads and Go Orange
Feedback
Music
Pop Music
The Beatles
Song
Album
Lyrics
Bands
Singers
Artist
Clip
Rock
Rap
Classical
Billboard
Country Music
Kpop
Taylor Swift
Music
Pop Music
The Beatles
Song
Album
Lyrics
Bands
Singers
Artist
Clip
Rock
Rap
Classical
Billboard
Country Music
Kpop
Taylor Swift
Random Quiz
Search Sporcle
×
Quiz Lab
Quiz Lab
Music
One Direction
Type in answers that appear in a list
Type in answers that appear in a list
Classic
Best Score? Go Orange.
For directioners Stats
Can you name the 1D facts?
By
singout
6m
32 Questions
237 Plays
237 Plays
237 Plays
Comments
Comments
Give Quiz Kudos
Give Quiz Kudos
-
- Ratings
hide this ad
Forced Order
Answers have to be entered in order
Answers have to be entered in order
Replay
Link that replays current quiz
Next Quiz
Link to next quiz in quiz playlist
You Got
0%
They Got
Avg Score
33%
Avg Friend Score
Upgrade to see
Score Distribution
Jump to the score distribution portion of the page
Score
0/32
Timer
06:00
0
Plays Today
Q
A
% Correct
Harrys middle name
Edward
69.6%
Is louis oldest youngest or in between
oldest
69.2%
is harry oldest youngest or in between
youngest
62.4%
Louis b-
day
december 24th
58.2%
Liam got rejected from X-
factor in the year
2008
54.4%
Nialls middle name
james
50.6%
Louis Audition song
hey there delilah
49.4%
oldest youngest in the middle?
middle
47.3%
Zayn was originally spelled
Zain
46%
audition song in 2010
cry me a river
43%
Louis is from
Doncaster england
41.4%
Louis girlfriends name
Elanor Calder
38.8%
on the X-
factor refused to
dance
37.1%
Louis hight
5'9'
34.6%
Liams b-
day
August 29th
34.2%
band these 5 boys make up
one direction
32.1%
Q
A
% Correct
Nialls B-
day
September 13
30%
Harrys hight
5'10'
27%
Middle name
Javadd
26.2%
Liam is dating
Danielle Peazer
25.3%
b-
day
January 12
22.4%
From
Bradford England
21.9%
Liam is from
Wolverhampton England
21.1%
Hight
5'10'
21.1%
being crushed on by this celeb
Demi Lovato
17.7%
Hight
5'7'
17.3%
From
Mullingar Ireland
16%
Hight
5'9'
14.8%
which was season ......
5
14.3%
Harry b-
day
Febuary 1st
13.1%
The first two things you see pics of are...
justin bieber
2.1%
and
one direction
1.7%
Quiz Playlist
Details
Report
Send in Message
Add To Playlist
Classic:
Type in answers that appear in a list
Forced Order:
Answers have to be entered in order
Last Updated: Feb 16, 2017
Quiz Scoreboard
CHALLENGE
Sign Up to Join the Scoreboard
Show All
Scores
Hide
Comments
May contain spoilers
Recently Published
Holiday 10x10 Sorting Gallery
by lukepisani3
Holiday
15m
Two Season TV Shows II
by 123Four
Television
10m
Image Sorting: Flags VI
by Barbecue
Geography
2m
More to Explore
Quiz From the Vault
Featured Blog Post
14 Easter Pick-up Lines to Find Eggs With
hide this ad
You Might Also Like...
Tags
liam
One Direction
simon
X Factor
Today's Top Quizzes in Music
Browse Music
hide this ad
Today's Top Quizzes in One Direction
Browse One Direction
Top Contributed Quizzes in Music
1
5X2 Blitz: Bands II
2
Taylor Swift All Songs (2024)
3
5X2 Blitz: The Beatles
4
5X2 Blitz: Billboard
5
Music Artist by Three 2010s hits
6
5X2 Blitz: Billboard II
7
5X2 Blitz: Album
8
5X2 Blitz: Rock
9
5X2 Blitz: Singers
10
5X2 Blitz: Lyrics
Explore More
Trending Topics
Harry Potter
Crossword
Anime
Kpop
NBA
Marvel
Disney
Country
Pokémon
Puzzle
WWE
Soccer
NFL
The Office
Song
hide this ad
More By:
singout
Quiz
Plays
Rating
Category
Featured
Created
Hunger Games by the color
1,139
3.46
Literature
Apr 27, 2012
the ultimate food quiz
659
2.60
Just For Fun
Mar 31, 2012
Translating Txt Talk
316
3.67
Just For Fun
Apr 1, 2012
hunger games lover quiz
300
3.00
Literature
Mar 31, 2012
for directioners
237
2.33
Music
Aug 19, 2012
Go to Creator's Profile
Score Distribution
Quiz Creator Spotlight
singout
Follow
Send a Message
Quizzes Created
-
Created Quiz Play Count
-
More By This Creator
Popular Quizzes Today
1
Find the US States - No Outlines Minefield
2
Colored Red Africa Blitz
3
Find the 'City' Movie
4
The Countries of the World
5
5x2 Blitz: Bands
6
Find the Countries of Europe - No Outlines Minefield
7
Find the US States
8
US States
More Music Quizzes
Heart, Mind, Body, or Soul Songs
Published
Trending Quizzes
Colored Red Europe Blitz I
Colored Red Europe Blitz II
Colored Red Africa Blitz II
Even More Two Season TV Shows
Colored Red Africa Blitz III
Recently Updated
Odd Team Out - Big 4 Players
pecheneg
Quick Pick: 20 Twenties
pecheneg
March Madness Men's Triple Doubles
pecheneg
How Do You Spell That?
pecheneg
Godzilla Movies
pecheneg
Grab Bag: 4-10 Letters
pecheneg
2024 March Madness Bracket
pecheneg
Famous TV Couples
Peacemaker
Champions League XIs: Real Madrid
pecheneg
Largest US Cities 1790-2010
pecheneg
Trending Topics
Disney
Harry Potter
Anime
NBA
Crossword
Kpop
Marvel
WWE
Country
Soccer
Puzzle
The Office
NFL
Song
Pokémon
Your Account Isn't Verified!
In order to create a playlist on Sporcle, you need to verify the email address you used during registration. Go to your
Sporcle Settings
to finish the process.
Report this User
Report this user for behavior that violates our
Community Guidelines
.
Details:
Send Report
Go to the Sporcle.com Mobile Site →
Comments